000 004390000a22001570004500
020 _a958-706-000-8
082 0 4 _aB764g
100 1 _aBridgman, Roger
245 1 0 _aGenial 1000 inventos y descubrimientos / Escrito por : Roger Bridgman ; en asociación en el Museo de Ciencias
260 _aLondon : Dorling Kindersley
300 _a272 P.
440 0 _aEl Tiempo
650 1 4 _aEnciclopedias de Historia
001 2165
942 _cLGB
999 _c49311
_d49311